000 00693nam a2200229Ia 4500
001 9835
003 GE_BSU
008 181216s||||||||xx |||||||||||||| ||und||
040 _cGE_BSU
080 _a821.353.1–1
100 _aმელია,იაკობ
245 _aმზე და სანგარი
245 _bლექსები
245 _cრედ. რ.ართილაყვა.მხატვ.რ.ლომაძე
260 _aბათუმი
260 _bსაბჭოთა აჭარა
260 _c1970
300 _a152გვ.13სმ
653 _aლექსები
653 _aმზე და სანგარი
942 _cBK
999 _c43114
_d43114